Statistics for WWE Names

Click here to take the quiz!

General Stats

  • This quiz has been taken 7 times
    (4 since last reset)
  • The average score is 10 of 15

Answer Stats

HintAnswer% Correct
The Phenominal OneAJ Styles
100%
The Godess of WWEAlexa Bliss
100%
The Monster Among MenBraun Strowman
100%
16 Time WWE World ChampionJohn Cena
100%
Former Raw General ManagerMick Foley
100%
King of the CruiserweightsNeville
100%
2 Time Hall of FamerRic Flair
100%
Smackdown Live CommissionerShane McMahon
100%
RAW CommissionerStephanie Mcmahon
67%
The BeastBrock Lesnar
33%
Raw General ManagerKurt Angle
33%
The Beasts ManagerPaul Heyman
33%
WWE COOTriple H
33%
WWE CEOVince McMahon
33%
Smackdown Live General ManagerDaniel Bryan
0%

Score Distribution

Percentile by Number Answered

Percent of People with Each Score

Your Score History

You have not taken this quiz since the last reset